000 00981aam a2200301 i 4500
001 768714001
003 CO-MdFUSB
005 20251114160357.0
007 ta
008 251114t1997 ag |||| |||| 00| 0 spa d
020 _a950-683-069-X
040 _cCO-MdFUSB
041 0 _aspa
082 0 4 _223
_a253.1
_bA872t
100 1 _aAtiencia, Jorge
_eautor
245 1 0 _aLuz en las tinieblas :
_bmisión de la iglesia en América Latina
_c/ Jorge Atiencia
264 1 _bCerteza Argentina,
_aBuenos Aires, Argentina :
_c[1997]
264 4 _c©1997
300 _a88 páginas
336 _atexto
_btxt
_2rdacontent
337 _2rdamedia
_asin mediación
_bn
338 _2rdacarrier
_avolumen
_bnc
505 _aLa iglesia en el mundo actual. -- Buenas noticias en un mundo hostil. -- La integridad en la misión. -- Para que se cumpliese la Escritura. -- El evangelio de la verdad.
563 _aRústico
650 0 _aEvangelización
_9362
942 _cBK
945 _aJTF-925
999 _c36625
_d36625